Suomen maakuntien parasta jalkapalloseuraa - Statistics

Yleistilastot
  • Tätä visaa on pelattu 66 kertaa
    64 viimeisimmän päivityksen jälkeen
  • Keskiarvotulos 25 / 57
Vastaustilastot
Maakunta Seura % Oikein
Uusimaa: 1 HJK
92%
Pohjois-Savo: 1 KuPS
88%
2 KuPS Akatemia
88%
Varsinais-Suomi: 1 Inter Turku
84%
Etelä-Pohjanmaa: 1 SJK
84%
2 SJK Akatemia 2
84%
2 TPS
84%
Pirkanmaa: 1 Ilves
82%
Lappi: 1 RoPS
78%
Pohjanmaa: 1 VPS
78%
Pohjois-Pohjanmaa: 1 AC Oulu
74%
2 FC Haka
70%
Satakunta: 1 FC Jazz
70%
Päijät-Häme: 1 FC Lahti
70%
Kymenlaakso: 1 KTP
70%
2 FF Jaro
68%
Keski-Suomi: 1 JJK
68%
Ahvenanmaa: 1 IFK Mariehamn
66%
2 IFK Mariehamn 2
66%
2 IF Gnistan
64%
Etelä-Savo: 1 MP
60%
Pohjois-Karjala: 1 Jippo
58%
Keski-Pohjanmaa: 1 KPV
54%
3 Tampere United
50%
2 Pallo-Iirot
48%
2 MyPa
46%
2 GBK
44%
2 Lahden Reipas
44%
2 OLS
38%
Etelä-Karjala: 1 PEPO
38%
3 MuSa
34%
3 SalPa
32%
3 Vasa IFK
32%
3 Ekenäs IF
30%
3 FC Kuusysi
30%
Kainuu: 1 KaPa
30%
2 FC Vaajakoski
26%
3 Jyväskylän Seudun Palloseura
26%
2 Kajaanin Haka
26%
2 TP-47
26%
3 Haminan Pallo-Kissat
24%
2 RiPS
22%
Kanta-Häme: 1 HJS
20%
3 JS Hercules
20%
2 IPS
16%
3 Kuopion Elo
14%
2 MiPK
14%
3 FC LaPa
12%
3 JIK
12%
3 STPS
12%
3 RoPo
10%
3 FC Blackbird
8%
3 NiemU
4%
3 Sääripotku
4%
3 Kainuun Ärjy
2%
2 LehPa
2%
3 Tervakosken Pato
0%
Ehtoja vastaavia visoja ei löytynyt
Tulosjakauma
Jokaisen tuloksen saaneiden osuus
Persentiili vastausten määrän mukaan
Tuloshistoriasi
Et ole pelannut tätä visaa sen viimeisimmän päivityksen jälkeen